000 00872nam a2200277 a 4500
001 000021853
005 20200930011456.0
008 100913s1995 sp 000 j spa d
020 _z842066475x
040 _aDO-SdBNP
_bspa
_cBNPHU
082 _a891.73
_bC515c
100 1 _aChékhov, Antón Pavlovich,
_d1860-1904
_939633
245 1 3 _aEl corista ; el hombre enfundado ; enemigos ; la señora del perrito /
_cAntón Chéjov ; traducción de Juan López Morillas.
260 _aMadrid :
_bAlianza,
_c1995.
300 _a95 p. ;
_c15 cm.
490 1 _aAlianza cien
_v75
650 4 _aCuentos rusos
_942846
650 4 _aLiteratura rusa
_94743
740 3 2 _aEl hombre enfundado
740 0 2 _aEnemigos
740 3 2 _aLa señora del perrito
700 1 _aLópez Morillas, Juan,
_etr.
_945373
830 0 _aAlianza cien ;
_v75
_912832
910 _aWM
049 _aBNGR
999 _c21351
_d21351